[Event "Panevezys op"]
[Site "Panevezys"]
[Date "2023.08.18"]
[Round "2"]
[White "Juskaitis, Skomantas"]
[Black "Jansone, Melanija Luize"]
[Result "0-1"]
[WhiteElo "1317"]
[BlackElo "1550"]
[PlyCount "48"]
[EventDate "2023.08.18"]
[EventType "swiss"]
[EventRounds "7"]
[EventCountry "LTU"]
[SourceTitle "EXT 2024"]
[Source "ChessBase"]
[SourceDate "2023.10.10"]
[SourceVersion "1"]
[SourceVersionDate "2023.10.10"]
[SourceQuality "1"]

1. d4 Nf6 2. c4 g6 3. Nc3 Bg7 4. Nf3 d6 5. e4 0-0 6. h3 e5 7. d5 Nbd7 8. Be3 Nc5 9. Bd3 Nxd3+ 10. Qxd3 Nh5 11. Qd2 Nf4 12. 0-0 f5 13. Kh2 fxe4 14. Nxe4 Nxh3 15. gxh3 Rxf3 16. Ng5 Rxh3+ 17. Kg2 Rh5 18. Rh1 Rxh1 19. Rxh1 h5 20. Ne6 Bxe6 21. dxe6 Qe7 22. Bh6 Qxe6 23. f3 Rf8 24. Qg5 Qf6 0-1

[Event "Nizami Ganjavi 880 years U17"]
[Site "Tornelo INT"]
[Date "2021.04.03"]
[Round "5.7"]
[White "Da Cunha, Gabriela Goes"]
[Black "Jansone, Melanija Luize"]
[Result "1-0"]
[WhiteElo "1564"]
[BlackElo "1389"]
[PlyCount "125"]
[EventDate "2021.04.02"]
[EventType "team-swiss (blitz)"]
[EventRounds "9"]
[EventCountry "AZE"]
[SourceTitle "EXT 2023"]
[Source "ChessBase"]
[SourceDate "2022.10.05"]
[SourceVersion "1"]
[SourceVersionDate "2022.10.05"]
[SourceQuality "1"]
[WhiteTeam "Brasil JXT"]
[BlackTeam "Latvia"]
[WhiteTeamCountry "BRA"]
[BlackTeamCountry "LAT"]

1. e4 d6 2. d4 Nf6 3. Nc3 g6 4. h3 Bg7 5. Nf3 c6 6. a4 a5 7. Be3 Qc7 8. Qd2 e5 9. dxe5 dxe5 10. Bc4 0-0 11. 0-0 Nbd7 12. Rfd1 Nh5 13. Qd6 Qxd6 14. Rxd6 Nf4 15. Rad1 h6 16. Rxd7 Bxd7 17. Rxd7 b5 18. axb5 cxb5 19. Bxb5 Ne6 20. Bc4 Rfe8 21. Nb5 Rec8 22. Nd6 Rd8 23. Bxe6 fxe6 24. Rxd8+ Rxd8 25. Nc4 Rc8 26. Nfd2 Ra8 27. b3 g5 28. Nf3 a4 29. bxa4 Rxa4 30. Ncxe5 Rxe4 31. Nd3 Rc4 32. Nfe1 e5 33. Kf1 e4 34. Nc1 Ra4 35. Ke2 Bc3 36. Bd2 Bg7 37. Nb3 Rc4 38. Na5 Ra4 39. Nb3 Rc4 40. g3 Bf6 41. Kd1 Ra4 42. Ng2 Rc4 43. Ne3 Ra4 44. c4 Ra3 45. Kc2 Ra2+ 46. Kc1 Ra3 47. Nc5 Ra1+ 48. Kc2 Ra2+ 49. Kd1 Ra1+ 50. Ke2 Ra2 51. Nxe4 Bd4 52. Kd3 Ba7 53. c5 Ra6 54. Kc4 Rc6 55. Kd5 Rc8 56. Ba5 Kf7 57. Bb6 Bb8 58. Nd6+ Bxd6 59. Kxd6 Ke8 60. c6 Ra8 61. c7 Rc8 62. Kc6 h5 63. Nf5 1-0

[Event "Nizami Ganjavi 880 years U17"]
[Site "Tornelo INT"]
[Date "2021.04.02"]
[Round "2.7"]
[White "Sekova, Olivia"]
[Black "Jansone, Melanija Luize"]
[Result "1/2-1/2"]
[WhiteElo "1462"]
[BlackElo "1389"]
[PlyCount "102"]
[EventDate "2021.04.02"]
[EventType "team-swiss (blitz)"]
[EventRounds "9"]
[EventCountry "AZE"]
[SourceTitle "EXT 2023"]
[Source "ChessBase"]
[SourceDate "2022.10.05"]
[SourceVersion "1"]
[SourceVersionDate "2022.10.05"]
[SourceQuality "1"]
[WhiteTeam "Slovakia"]
[BlackTeam "Latvia"]
[WhiteTeamCountry "SVK"]
[BlackTeamCountry "LAT"]

1. e4 d6 2. d4 Nf6 3. Nc3 g6 4. Nf3 Bg7 5. Bd3 c6 6. Bg5 b5 7. 0-0 0-0 8. Qd2 a5 9. a4 b4 10. Ne2 Na6 11. Bh6 Qb6 12. Bxg7 Kxg7 13. Qg5 c5 14. Bc4 Nxe4 15. Qxe7 Nf6 16. Qe3 Re8 17. Qf4 d5 18. Bb5 Bd7 19. Bxd7 Nxd7 20. dxc5 Naxc5 21. Ned4 Nf6 22. Ne5 Nce4 23. Nb3 Qe6 24. Nd3 Nh5 25. Qf3 Qf6 26. Qxf6+ Nhxf6 27. f3 Nd6 28. Rfe1 Nc4 29. Nd4 Rac8 30. Rxe8 Rxe8 31. b3 Nb6 32. Nc6 Ra8 33. Re1 Rc8 34. Nde5 Ra8 35. Re2 Ra6 36. Nd3 Nbd7 37. Ne7 Ra7 38. Nf4 Rc7 39. Nfxd5 Nxd5 40. Nxd5 Nc5 41. Re7 Rxe7 42. Nxe7 Nb7 43. Nc6 Kf6 44. Kf2 Ke6 45. Nd4+ Kd5 46. Ke3 f5 47. Nb5 h6 48. Kf4 Nc5 49. Ke3 Nb7 50. Nc7+ Kd6 51. Nb5+ Kd5 1/2-1/2

[Event "EU-ch Online U12 Girls"]
[Site "Tornelo INT"]
[Date "2020.09.20"]
[Round "7"]
[White "Jansone, Melanija Luize"]
[Black "Arakelyan, Syuzanna"]
[Result "0-1"]
[WhiteElo "1484"]
[BlackElo "1237"]
[PlyCount "152"]
[EventDate "2020.09.18"]
[EventType "swiss (rapid)"]
[EventRounds "9"]
[EventCountry "NET"]
[SourceTitle "EXT 2023"]
[Source "ChessBase"]
[SourceDate "2022.10.05"]
[SourceVersion "1"]
[SourceVersionDate "2022.10.05"]
[SourceQuality "1"]
[WhiteTeam "Latvia"]
[BlackTeam "Armenia"]
[WhiteTeamCountry "LAT"]
[BlackTeamCountry "ARM"]

1. e4 e5 2. Nf3 Nc6 3. d4 exd4 4. Nxd4 Nf6 5. Nxc6 bxc6 6. Bd3 Bc5 7. 0-0 0-0 8. b3 Re8 9. Re1 d5 10. exd5 cxd5 11. h3 Bb7 12. Bb2 Ne4 13. Bxe4 dxe4 14. Qxd8 Raxd8 15. Nc3 Rd2 16. Re2 e3 17. fxe3 Rxe2 18. Nxe2 Bxe3+ 19. Kh1 Bc5 20. Nc3 Re6 21. Rd1 h6 22. a3 Rg6 23. Rd2 Be3 24. Re2 Bd4 25. b4 Rf6 26. Na4 Rf1+ 27. Kh2 Bg1+ 28. Kg3 Bc6 29. Nc5 Bb5 30. c4 Bxc4 31. Rc2 Bb5 32. h4 Be3 33. a4 Bf4+ 34. Kh3 Bc6 35. b5 h5 36. g3 Rh1+ 37. Rh2 Rxh2+ 38. Kxh2 Be3 39. Na6 Bb7 40. Nxc7 f5 41. Ne6 g6 42. Nd4 a6 43. Nc6 f4 44. Ne5 f3 45. bxa6 Ba8 46. Nxf3 Bxf3 47. Kh3 Kf7 48. Bc3 Be2 49. a5 Bxa6 50. Be5 Ke6 51. Bc7 Bg1 52. Kg2 Bd4 53. Kh3 Kd7 54. Bf4 Bc3 55. g4 Bf1+ 56. Kg3 Be1+ 57. Kf3 Bxh4 58. gxh5 gxh5 59. Bd2 Bd8 60. Kg3 h4+ 61. Kh2 Bc7+ 62. Kh1 h3 63. Bc3 Bg2+ 64. Kg1 Be4 65. a6 h2+ 66. Kf2 h1Q 67. a7 Qg2+ 68. Ke3 Qf3+ 69. Kd4 Qd3+ 70. Kc5 Qxc3+ 71. Kb5 Bd3+ 72. Ka4 Qa5+ 73. Kb3 Qxa7 74. Kc3 Qa3+ 75. Kd4 Bb6+ 76. Ke5 Qd6# 0-1

[Event "EU-ch U10 Girls 28th"]
[Site "Riga"]
[Date "2018.08.22"]
[Round "3"]
[White "Jansone, Melanija Luize"]
[Black "Ciarletta, Iris"]
[Result "0-1"]
[WhiteElo "1083"]
[BlackElo "1303"]
[PlyCount "56"]
[EventDate "2018.08.20"]
[EventType "swiss"]
[EventRounds "9"]
[EventCountry "LAT"]
[SourceTitle "CBM 186 Extra"]
[Source "ChessBase"]
[SourceDate "2018.08.24"]
[SourceVersion "1"]
[SourceVersionDate "2018.08.24"]
[SourceQuality "1"]

1. e4 e6 2. Nf3 d5 3. Nc3 Bc5 4. d4 Bb4 5. e5 a6 6. Bd2 Bxc3 7. Bxc3 Ne7 8. Bd3 Ng6 9. 0-0 0-0 10. Bd2 h6 11. h3 Nh4 12. Rc1 Nc6 13. c3 Ng6 14. Qe2 Re8 15. Bxg6 fxg6 16. Qd3 Ne7 17. b3 Bd7 18. c4 dxc4 19. bxc4 b5 20. Rfe1 Rf8 21. Nh4 g5 22. Nf3 Be8 23. Bb4 Rf7 24. Rcd1 bxc4 25. Qxc4 Nd5 26. Bc5 Rd7 27. a3 Bg6 28. Nh2 Nf4 0-1

[Event "EU-ch U10 Girls 28th"]
[Site "Riga"]
[Date "2018.08.21"]
[Round "2"]
[White "Jansone, Melanija Luize"]
[Black "Kirtadze, Anastasia"]
[Result "0-1"]
[WhiteElo "1083"]
[BlackElo "1391"]
[PlyCount "41"]
[EventDate "2018.08.20"]
[EventType "swiss"]
[EventRounds "9"]
[EventCountry "LAT"]
[SourceTitle "CBM 186 Extra"]
[Source "ChessBase"]
[SourceDate "2018.08.24"]
[SourceVersion "1"]
[SourceVersionDate "2018.08.24"]
[SourceQuality "1"]

1. e4 e6 2. Nf3 d5 3. Nc3 d4 4. Ne2 c5 5. c3 Nc6 6. cxd4 cxd4 7. Qa4 Bc5 8. Ne5 Bd7 9. Nxd7 Qxd7 10. Ng3 Nf6 11. d3 Bb4+ 12. Bd2 Bxd2+ 13. Kxd2 a6 14. Be2 b5 15. Qb3 Rc8 16. a4 b4 17. Rhc1 0-0 18. Ke1 Qd6 19. Kf1 Na5 20. Qd1 Nd7 21. Kg1 0-1

[Event "Wch U10 Girls blitz"]
[Site "Minsk"]
[Date "2018.06.24"]
[Round "3"]
[White "Jansone, Melanija Luize"]
[Black "Khamdamova, Afruza"]
[Result "0-1"]
[WhiteElo "1201"]
[BlackElo "1459"]
[PlyCount "84"]
[EventDate "2018.06.24"]
[EventType "swiss (blitz)"]
[EventRounds "9"]
[EventCountry "BLR"]
[SourceTitle "EXT 2019"]
[Source "ChessBase"]
[SourceDate "2018.10.10"]
[SourceVersion "1"]
[SourceVersionDate "2018.10.10"]
[SourceQuality "1"]

1. e4 e5 2. Nf3 Nf6 3. Nxe5 d6 4. Nf3 Nxe4 5. d4 d5 6. Bd3 Nc6 7. 0-0 Be7 8. Re1 Bg4 9. c3 f5 10. h3 Bh5 11. Bf4 Qd7 12. Be2 0-0-0 13. Nbd2 h6 14. Ne5 Bxe2 15. Qxe2 Nxe5 16. Bxe5 Bf6 17. Bf4 g5 18. Be5 Bxe5 19. dxe5 h5 20. Nxe4 dxe4 21. Qe3 Kb8 22. Rad1 Qe7 23. Rxd8+ Rxd8 24. Qe2 g4 25. hxg4 hxg4 26. Qe3 Rh8 27. Qf4 Qh4 28. Kf1 Qh1+ 29. Ke2 Qxg2 30. Qxf5 Re8 31. Qf7 Qf3+ 32. Qxf3 exf3+ 33. Kf1 Kc8 34. e6 Kd8 35. Kg1 Ke7 36. Kh2 Kf6 37. Kg3 Kf5 38. e7 c6 39. b4 b5 40. a3 a6 41. Re3 Rh8 42. e8Q Rh3# 0-1

[Event "Wch U10 Girls blitz"]
[Site "Minsk"]
[Date "2018.06.24"]
[Round "4"]
[White "Kleymenova, Valeria"]
[Black "Jansone, Melanija Luize"]
[Result "1-0"]
[WhiteElo "1494"]
[BlackElo "1201"]
[PlyCount "149"]
[EventDate "2018.06.24"]
[EventType "swiss (blitz)"]
[EventRounds "9"]
[EventCountry "BLR"]
[SourceTitle "EXT 2019"]
[Source "ChessBase"]
[SourceDate "2018.10.10"]
[SourceVersion "1"]
[SourceVersionDate "2018.10.10"]
[SourceQuality "1"]

1. d4 Nf6 2. e3 e6 3. f4 Be7 4. Nf3 0-0 5. Bd3 h6 6. 0-0 d5 7. c3 c5 8. Nbd2 Nc6 9. Ne5 Qb6 10. Qe2 cxd4 11. exd4 Qc7 12. Ndf3 Bd7 13. Bd2 Rac8 14. Rac1 Qb6 15. Be1 Na5 16. Bh4 Bc6 17. b4 Nc4 18. Nxc4 dxc4 19. Bxc4 Qc7 20. Ne5 Ba4 21. Bd3 Bc6 22. Bb1 b6 23. Bxf6 Bxf6 24. Ng4 Be7 25. Qc2 f5 26. Ne5 Be4 27. Qb2 Bxb1 28. Qxb1 Bf6 29. Qb3 Rfe8 30. Rfe1 Bxe5 31. Rxe5 Qc4 32. Qc2 Qc6 33. Re3 Qd5 34. Qb2 a5 35. c4 Qd6 36. c5 bxc5 37. bxc5 Qd5 38. Qd2 Rb8 39. Rce1 Rb4 40. Rd3 Rbb8 41. Re5 Qd7 42. Rde3 Rbc8 43. Qc3 a4 44. Qc4 Qf7 45. Rxe6 Rxe6 46. Qxe6 Qxe6 47. Rxe6 Rd8 48. Rd6 Rc8 49. Ra6 Rd8 50. Rxa4 Re8 51. Kf2 Re4 52. g3 Re8 53. Rc4 Ra8 54. Rc2 Rd8 55. Rd2 Rc8 56. a4 Ra8 57. Ra2 Rd8 58. Ke3 Re8+ 59. Kd3 Re4 60. d5 Re8 61. d6 Rc8 62. Kd4 Rd8 63. Kd5 Rc8 64. c6 Rd8 65. c7 Rc8 66. d7 Rxc7 67. d8Q+ Kh7 68. Qxc7 Kg8 69. a5 Kh7 70. a6 Kg8 71. a7 Kh7 72. a8Q Kg6 73. Qe5 Kh7 74. Qxf5+ g6 75. Qf7# 1-0